| 000 | 03134nam a2200265 a 4500 | ||
|---|---|---|---|
| 001 | 000024271 | ||
| 005 | 20240229073821.0 | ||
| 008 | 110125s2010 dr r 001 0 spa d | ||
| 040 |
_aDO-SdBNP _bspa _cBNPHU |
||
| 082 |
_a347.077 _bC397m |
||
| 111 | 2 |
_aCentenario del Recurso de Casación en la República Dominicana _n(1 : _d2008 feb. : _cSanto Domingo) _949818 |
|
| 245 | 1 | 0 |
_aMemorias / _cpresentacion Dr Jorge A. Subero Isa. |
| 260 |
_aSanto Domingo : _bSuprema Corte de Justicia, _c2010. _fCorripio |
||
| 300 |
_a461 p. ; _c24 cm. |
||
| 505 | 0 |
_gPresentación -- _gPrograma de acividades -- _gApertura de los actos conmemorativos del primer centenario del recurso de casación en la República Dominicana -- _gPalabras de apertura / _rDr. Jorge Subero A. Isa, presidente de la Suprema Corte de Justicia de la República Dominicana -- _tEl recurso de casación en la República Dominicana / _rDr. Rafael Luciano Pichardo, juez primer sustituto de presidente y presidente de la primera cámara de la Suprema Corte de Justicia -- _gLos académicos opinan del recurso de casación en República Dominicana: _tEl recurso de casación en derecho procesal tributario / _rSanto Inocencio Mercedes -- _tEl litigio catastral ante la Suprema Corte de Justicia / _rMiguel Ángel Prestol -- _tEl recurso de casación en materia civil y comercial / _rMáximo Bergés Dreyfous -- _tEl recurso de casacion en materia laboral / _rManuel Ramón Peña Conce -- _tEl recurso de casación en materia penal / _rJosé B. Pérez Gómez -- _gLos litigantes opinan del recurso de casación en la República Dominicana: _tA propósito del Centenario de la Suprema Corte de Justicia / _rJuan Manuel Pellerano -- _tAlgunos aportes del recurso de casación a la ciencia jurídica dominicana / _rJulio Miguel Castaños Guzmán -- _tEl ayer, el hoy y el mañana de la casación dominicana, cien años después / _rLuis Miguel Rivas -- _tLa casación ante un panorama confuso / _rReynaldo Ramos Morel -- |
|
| 505 | 0 |
_gLos jueces opinan del recurso de casación en la República Dominicana: _tVisión general del recurso de casación / _rManuel Alexis Read Ortiz -- _tLos motivos del recurso de casación en materia penal / _tAltagracia Norma Bautista de Castillo -- _tLa casación en el proceso penal dominicano / _rClaudio Aníbal Medrano Mejía -- _tEl recurso de casación en la jurisdicción contenciosa tributaria y administrativa / _rSara Henríquez Marín -- _tEl recurso de casación en materia civil / _rSamuel Arias Arzeno -- _gEl recurso de casación en derecho comparado : las experiencias de Costa Rica, Venezuela, El Salvador, Colombia, España y Francia. |
|
| 504 | _aIncluye referencias bibliográficas y notas al pie de páginas. | ||
| 590 | _aInventariado, 2018/BT | ||
| 650 | 4 |
_aRecursos (derecho) _910249 |
|
| 650 | 4 |
_aRecurso de casación _xHistoria _zRepública Dominicana _96582 |
|
| 650 | 4 |
_aProcedimiento civil _zRepública Dominicana _xEnsayos, conferencias, etc. _949819 |
|
| 650 | 4 |
_aProcedimiento penal _zRepública Dominicana _xEnsayos, conferencias, etc. _949820 |
|
| 700 | 1 |
_aSubero Isa, Jorge A., _d1947- _epresent. _976863 |
|
| 910 | _aValidado. Control de calidad. EMS | ||
| 999 |
_c23765 _d23765 |
||